| 000 | 00357nam a2200145Ia 4500 | ||
|---|---|---|---|
| 008 | 230917s9999||||xx |||||||||||||| ||und|| | ||
| 040 |
_e36140 _aMAIN |
||
| 041 | _aEnglish | ||
| 082 | _a658.152 F519M | ||
| 100 | _aFrith, Michael | ||
| 245 | 0 | _aManagement of working capital | |
| 260 |
_aLondon _bMacmillan _c1976 |
||
| 300 | _aviii, 148 p. | ||
| 942 | _cBK | ||
| 999 |
_c157262 _d157262 |
||